Administratívne centrum

Saved in:
Bibliographic Details
Main Author: Naňo, Jozef (Author)
Other Authors: Chmelík, Vojtech (Thesis advisor)
Format: Manuscript Book
Language:Slovak
Published: 2017
Subjects:
Online Access:http://is.stuba.sk/zp/portal_zp.pl?podrobnosti=125331
https://opac.crzp.sk/?fn=detailBiblioForm&sid=D79A57A76A32382FFDB3AA5572E0
Tags: Add Tag
No Tags, Be the first to tag this record!

MARC

LEADER 00000ntm a22000003a 4500
001 stuzp63256
003 SK-STU
005 20230816135917.1
007 ta
008 150427s2015----xo-----f-mn---000-0-slo-d
040 |a STU  |b slo 
041 0 |a slo 
100 1 |a Naňo, Jozef  |u 010180  |4 aut  |U SvF Stavebná fakulta  |T SvF Katedra konštrukcií pozemných stavieb  |X 42188  |U V180  |Y 18  |7 42188 
242 0 1 |a Administration centre  |y eng 
245 1 0 |a Administratívne centrum 
260 |c 2017 
650 4 |a administratívna budova  |2 slo 
650 4 |a diplomová práca  |2 slo 
650 4 |a Bratislava  |2 slo 
650 4 |a administration building  |2 eng 
650 4 |a diploma thesis  |2 eng 
650 4 |a Bratislava  |2 eng 
700 1 |a Chmelík, Vojtech  |u 010180  |k Z1  |4 ths  |U SvF Stavebná fakulta  |T SvF Katedra konštrukcií pozemných stavieb  |X 20349  |U V180  |Y 18  |7 A000020349 
856 4 |u http://is.stuba.sk/zp/portal_zp.pl?podrobnosti=125331 
856 4 |u https://opac.crzp.sk/?fn=detailBiblioForm&sid=D79A57A76A32382FFDB3AA5572E0